[Event "NED-ch U11 Girls"]
[Site "Waalwijk"]
[Date "2011.04.23"]
[Round "7"]
[White "Zijdemans, Eva"]
[Black "Van der Zee, Sofie"]
[Result "1-0"]
[WhiteElo "439"]
[BlackElo "847"]
[PlyCount "77"]
[EventDate "2011.04.22"]
[EventType "swiss"]
[EventRounds "9"]
[EventCountry "NED"]
[SourceTitle "EXT 2012"]
[Source "ChessBase"]
[SourceDate "2011.11.24"]
[SourceVersion "1"]
[SourceVersionDate "2011.11.24"]
[SourceQuality "1"]

1. e4 e5 2. d4 Nc6 3. c3 Nf6 4. Bc4 Be7 5. Nf3 d6 6. Ng5 Nxe4 7. Nxf7 Qd7 8. Nxh8 Qf5 9. 0-0 Qf8 10. Qh5+ g6 11. Qxh7 g5 12. Qxe4 Qxh8 13. Qg6+ Kd8 14. Qg8+ Kd7 15. Qxh8 Na5 16. Bd3 Kc6 17. Qe8+ Kd5 18. Re1 Bf6 19. c4+ Nxc4 20. Bxc4+ Kxc4 21. Bd2 Kxd4 22. Qf8 Bg7 23. Qxg7 Bd7 24. Qxg5 Re8 25. Qh4+ Kd5 26. Re4 Bf5 27. Ra4 a6 28. Nc3+ Ke6 29. Ra5 Kd7 30. Nd5 Be6 31. Nf6+ Kd8 32. Nxe8+ Kxe8 33. Qh7 Bf7 34. Re1 Ke7 35. Re3 Ke6 36. Rf3 Be8 37. Bg5 e4 38. Rf8 Bd7 39. Rf6# 1-0

[Event "NED-ch U11 Girls"]
[Site "Waalwijk"]
[Date "2011.04.22"]
[Round "1"]
[White "Van Harten, Eva"]
[Black "Van der Zee, Sofie"]
[Result "1/2-1/2"]
[WhiteElo "694"]
[BlackElo "847"]
[PlyCount "58"]
[EventDate "2011.04.22"]
[EventType "swiss"]
[EventRounds "9"]
[EventCountry "NED"]
[SourceTitle "EXT 2012"]
[Source "ChessBase"]
[SourceDate "2011.11.24"]
[SourceVersion "1"]
[SourceVersionDate "2011.11.24"]
[SourceQuality "1"]

1. e4 e5 2. Nf3 Nc6 3. Nc3 Nf6 4. Bc4 Bc5 5. 0-0 0-0 6. d3 d6 7. Bg5 Bg4 8. h3 Bxf3 9. Qxf3 Nd4 10. Qg3 Nh5 11. Qg4 Nf6 12. Qg3 Qe7 13. Bh6 Nh5 14. Qg5 Qxg5 15. Bxg5 Rfe8 16. Rac1 Bb4 17. a3 Bxc3 18. bxc3 Ne2+ 19. Kh1 Nxc1 20. Rxc1 Re6 21. Bxe6 fxe6 22. Kg1 h6 23. Be7 Re8 24. Bh4 g5 25. Bg3 Nxg3 26. fxg3 d5 27. Rf1 dxe4 28. dxe4 Rf8 29. Rxf8+ Kxf8 1/2-1/2